000 01195nam a2200217Ia 4500
001 a1673-42398
003 IT-MiCISF
008 161014s9999||||xx |||||||||||||| ||und||
040 _aIT-MiCISF
_cIT-MiCISF
041 _ait
100 _aParsi Maria Rita
245 0 _aOnora il figlio e la figlia
250 _a1a ed.
260 _a Milano
_bSalani
_c2006
300 _app. 183
500 _a / infanzia, comportamento, diritti-bambino, psicologia / Che cosa significa essere buoni genitori e buoni educatori oggi? Come affrontare le sfide di una società che tende a sopravvalutare gli aspetti materiali senza fornire un supporto ideale alle famiglie? Secondo le AA., della Fondazione Movimento Bambino, "onora il figlio e la figlia" è "l'undicesimo comandamento". Onorare significa rispettare ed amare, cercando di fornire le sole due cose che i genitori debbono dare ai figli: "radici" per trarre l'energia necessaria a vivere e crescere, e "ali" per essere indipendenti, liberi e volare in alto, nel cielo della piena autonomia e della realizzazione personale.
650 _a Infanzia / infanzia
_e008
700 _aToro Mara Beatrice
942 _cBK
957 _71
999 _a42398
_bsi
_g1
_c217536
_d217536